[Event "FIDE WY-U16 Olympiad 2022"]
[Site "Nakhchivan"]
[Date "2022.10.10"]
[Round "9.31"]
[White "Fawaz, Mohamad"]
[Black "Price, Rowan Daelen"]
[Result "1-0"]
[WhiteElo "1553"]
[BlackElo "1329"]
[Annotator "NA RC COMBH"]
[PlyCount "107"]
[EventDate "2022.10.02"]
[EventType "team-tourn"]
[EventCountry "AZE"]
[SourceTitle "playchess.com"]
[Source "ChessBase"]
[SourceQuality "1"]
[WhiteTeam "Lebanon"]
[BlackTeam "South Africa"]
[WhiteTeamCountry "LBN"]
[BlackTeamCountry "RSA"]

1. e4 e5 2. Nf3 Nc6 3. Bc4 Bc5 4. O-O Nf6 5. d3 a6 6. a3 d6 7. h3 h6 8. c3 O-O 9. Re1 Re8 10. b4 Bb6 11. Nbd2 Ne7 12. Qb3 Rf8 13. Nf1 c6 14. Qa2 Ng6 15. Ng3 a5 16. Bd2 axb4 17. cxb4 Bd7 18. Rad1 Qc8 19. Be3 Bxe3 20. fxe3 Be6 21. Bxe6 Qxe6 22. Qb2 Ra4 23. Ra1 Rfa8 24. Nd2 d5 25. exd5 cxd5 26. Nb3 b6 27. Rec1 h5 28. Ne2 Qf5 29. Nc3 R4a7 30. Nb5 Rd7 31. Qe2 Re8 32. a4 Qg5 33. Kh1 d4 34. e4 Nf4 35. Qf3 Qh4 36. Nc7 Rc8 37. Nd5 Rxc1+ 38. Rxc1 N6xd5 39. exd5 Rxd5 40. Qe4 g6 41. a5 bxa5 42. bxa5 Qd8 43. Ra1 Rd7 44. Nc5 Ra7 45. a6 Qb6 46. Qxe5 Ne6 47. Ne4 f5 48. Nf6+ Kf7 49. Nd5 Qd8 50. Rb1 Rxa6 51. Rb7+ Kg8 52. Ne7+ Kf8 53. Nxg6+ Kg8 54. Qh8# 1-0

[Event "FIDE WY-U16 Olympiad 2022"]
[Site "Nakhchivan"]
[Date "2022.10.10"]
[Round "9.32"]
[White "Nel, Hayley"]
[Black "Fawaz, Nadia"]
[Result "1-0"]
[WhiteElo "1191"]
[BlackElo "1385"]
[Annotator "NA RC COMBH"]
[PlyCount "79"]
[EventDate "2022.10.02"]
[EventType "team-tourn"]
[EventCountry "AZE"]
[SourceTitle "playchess.com"]
[Source "ChessBase"]
[SourceQuality "1"]
[WhiteTeam "South Africa"]
[BlackTeam "Lebanon"]
[WhiteTeamCountry "RSA"]
[BlackTeamCountry "LBN"]

1. c4 e5 2. Nc3 f5 3. g3 Nf6 4. Bg2 Be7 5. d3 d6 6. e3 c6 7. Nge2 Be6 8. Qb3 Qc7 9. O-O O-O 10. f4 Nbd7 11. Qc2 Rad8 12. b3 Nb6 13. Ba3 Ng4 14. Qd2 d5 15. c5 Nd7 16. d4 e4 17. Rfc1 Qa5 18. Bb2 Qb4 19. h3 Ngf6 20. Nxe4 Qb5 21. Nxf6+ Nxf6 22. Nc3 Qa5 23. Ne4 Qc7 24. Nxf6+ Rxf6 25. b4 Rg6 26. Kh2 Rh6 27. a4 g5 28. b5 g4 29. h4 Rf8 30. Kg1 Qd8 31. Kf2 Bd7 32. bxc6 Bxc6 33. a5 a6 34. Bc3 Re8 35. Rab1 Re6 36. Rh1 Bb5 37. Qc2 Bf6 38. Rbe1 Bxd4 39. Bxd4 Qxa5 40. Bxd5 1-0

[Event "FIDE WY-U16 Olympiad 2022"]
[Site "Nakhchivan"]
[Date "2022.10.10"]
[Round "9.37"]
[White "Batista Rosas, Nicolas Arturo"]
[Black "Abdel Raouf, Zyad"]
[Result "1-0"]
[WhiteElo "1941"]
[BlackElo "1609"]
[Annotator "TA"]
[PlyCount "75"]
[EventDate "2022.10.02"]
[EventType "team-tourn"]
[EventCountry "AZE"]
[SourceTitle "playchess.com"]
[Source "ChessBase"]
[SourceQuality "1"]
[WhiteTeam "Panama"]
[BlackTeam "Egypt"]
[WhiteTeamCountry "PAN"]
[BlackTeamCountry "EGY"]

1. d4 d5 2. c4 e6 3. Nc3 Nf6 4. Bg5 c6 5. e3 Bd6 6. cxd5 exd5 7. Bd3 Nbd7 8. Qc2 h6 9. Bh4 O-O 10. Nf3 Re8 11. O-O Be7 12. Rab1 Ne4 13. Bxe7 Qxe7 14. b4 Ndf6 15. Ne5 Ng4 16. Nxg4 Bxg4 17. Na4 Ng5 18. Be2 Bxe2 19. Qxe2 Ne4 20. Rfc1 Rab8 21. Qc2 Qg5 22. b5 cxb5 23. Rxb5 Nd6 24. Rc5 Rec8 25. Qb3 b6 26. Rxc8+ Rxc8 27. Rxc8+ Nxc8 28. Nc3 Ne7 29. Qa4 Nf5 30. Nxd5 Nh4 31. Nf4 Qf5 32. Qd1 g5 33. Nh5 Kh8 34. d5 Kh7 35. d6 Qc8 36. d7 Qd8 37. Qd4 Kg6 38. Qf6+ 1-0

[Event "FIDE WY-U16 Olympiad 2022"]
[Site "Nakhchivan"]
[Date "2022.10.10"]
[Round "9.38"]
[White "Fahmi, Adham"]
[Black "Schnell, Sebastian Narayana"]
[Result "1/2-1/2"]
[WhiteElo "1288"]
[BlackElo "1847"]
[Annotator "NA RC COMBH"]
[PlyCount "145"]
[EventDate "2022.10.02"]
[EventType "team-tourn"]
[EventCountry "AZE"]
[SourceTitle "playchess.com"]
[Source "ChessBase"]
[SourceQuality "1"]
[WhiteTeam "Egypt"]
[BlackTeam "Panama"]
[WhiteTeamCountry "EGY"]
[BlackTeamCountry "PAN"]

1. e4 Nf6 2. Nc3 d6 3. Bc4 g6 4. Nf3 Bg7 5. d3 c6 6. Be3 O-O 7. Qd2 d5 8. exd5 cxd5 9. Bb3 Ng4 10. Bd4 Bh6 11. Qe2 e6 12. h3 Nf6 13. g4 Bg7 14. O-O-O Nc6 15. Be5 Nxe5 16. Nxe5 Nd7 17. f4 Nxe5 18. fxe5 Qg5+ 19. Rd2 Qxe5 20. Qxe5 Bxe5 21. Rg2 Bd7 22. Ba4 Bxa4 23. Nxa4 Rac8 24. b3 Bf4+ 25. Kb1 e5 26. Nb2 f5 27. c4 d4 28. Nd1 Kf7 29. Nf2 Rce8 30. Kc2 e4 31. dxe4 fxe4 32. Re1 e3 33. Nd3 Bg5 34. Nb4 Kg7 35. Ree2 Rf3 36. Rh2 Bf4 37. Rh1 Rf2 38. Kd3 Be5 39. Nc2 Ref8 40. Rhe1 R8f4 41. b4 Rxe2 42. Rxe2 Rf1 43. Re1 Rf2 44. Re2 Rxe2 45. Kxe2 Kf6 46. Ne1 Kg5 47. b5 b6 48. a4 Kf4 49. Nd3+ Ke4 50. Nb4 Bd6 51. Nd3 g5 52. Nc1 Bb4 53. Nd3 Bd2 54. Nb2 Kf4 55. Nd3+ Kg3 56. c5 bxc5 57. Nxc5 Kf4 58. Ne6+ Ke5 59. Nxg5 Kd5 60. Kd3 h6 61. Nf3 Bc3 62. h4 Bb2 63. a5 Kc5 64. b6 axb6 65. a6 Kc6 66. Ne5+ Kc7 67. Nc4 Bc1 68. a7 Kb7 69. Nxb6 Kxa7 70. Nc4 Kb7 71. g5 e2 72. Kxe2 hxg5 73. hxg5 1/2-1/2

[Event "FIDE WY-U16 Olympiad 2022"]
[Site "Nakhchivan"]
[Date "2022.10.10"]
[Round "9.39"]
[White "Castillo Beitia, Ashley Alexandra"]
[Black "Mohamed Mostafa, Omar"]
[Result "1-0"]
[WhiteElo "1674"]
[BlackElo "1503"]
[Annotator "NA RC COMBH"]
[PlyCount "67"]
[EventDate "2022.10.02"]
[EventType "team-tourn"]
[EventCountry "AZE"]
[SourceTitle "playchess.com"]
[Source "ChessBase"]
[SourceQuality "1"]
[WhiteTeam "Panama"]
[BlackTeam "Egypt"]
[WhiteTeamCountry "PAN"]
[BlackTeamCountry "EGY"]

1. d4 Nf6 2. c4 g6 3. Nc3 Bg7 4. e4 d6 5. f3 Nfd7 6. Be3 e5 7. d5 Bh6 8. Qd2 Bxe3 9. Qxe3 a5 10. Bd3 Na6 11. Nge2 Ndc5 12. Bb1 O-O 13. O-O f5 14. f4 exf4 15. Nxf4 Qe7 16. Qd4 fxe4 17. Bxe4 Qf6 18. Qd2 Qg5 19. Rf2 Bg4 20. Raf1 Rf7 21. Bc2 Raf8 22. Qd4 Nb4 23. Bb1 Qf6 24. Qd2 Qg5 25. a3 Nb3 26. Qe3 Na6 27. Ne4 Qh6 28. Qxb3 Rxf4 29. Rxf4 Rxf4 30. Nf6+ Kg7 31. Nxg4 Rxf1+ 32. Kxf1 Qc1+ 33. Kf2 Qxb1 34. Qc3+ 1-0